000 00471nam a2200193Ia 4500
005 20250425162644.0
008 250425s9999 xx 000 0 und d
020 _a100521781655
041 _aeng
082 _a616.9
245 0 _aADAPTIVE DYNAMICS OF INFECTIOUS DISEASES
250 _aFIRST
260 _aCAMBRIDGE
260 _aEstados Unidos
_bCAMBRIDGE UNIVERSITY PRESS
_c2002
300 _a532
650 _aENFERMEDADES
942 _c01
010 _a94581
999 _c233712
_d233712